| 000 | 00674nam a2200229Ia 4500 | ||
|---|---|---|---|
| 008 | 160803s9999 xx 000 0 und d | ||
| 020 | _a978-0439085724 | ||
| 100 | _aBerger, Melvin | ||
| 245 | _aHow do flies walk upside down? : | ||
| 245 | _bquestions and answers about insects / | ||
| 245 | _cby Melvin and Gilda Berger ; illustrated by Jim Effler. | ||
| 260 | _aNew York : | ||
| 260 | _bScholastic Inc. | ||
| 260 | _c1999 | ||
| 300 | _a48 pages : | ||
| 300 | _bcolor illustrations ; | ||
| 300 | _c21 x 26 cm. | ||
| 440 | _aScholastic question and answer series. | ||
| 650 | _aInsects -- | ||
| 650 | _aQuestions and answers. | ||
| 650 | _xMiscellanea. | ||
| 999 |
_c299017 _d299017 |
||